000 00975nam a2200325 a 4500
005 20140228161801.0
008 140228b1979 wau||||| |||| 00| 0 eng d
041 _aeng
044 _axxu
090 _aLB
_b01544
100 _aKrombein, Karl V.
_912787
245 _aCatalog of Hymenoptera in America North of Mexico
260 _aWashington
_bSmithsonian Institution Press
_c1979
300 _a3 vols.
650 _aInstituto Smithsonian de Investigaciones Tropicales
_98376
650 _aHymenoptera
_94486
650 _aNomenclatura
_97564
650 _aTaxonomía
_912788
650 _aHospederos
_911548
650 _aParásitos
_98260
650 _aPresas
_912709
650 _aPolinización
_97573
650 _aDepredadores
_912708
650 _aDescripciones taxonómicas
_93930
662 _aMéxico
_cAmérica del Norte
700 _aHurd , Paul D.
_912789
700 _aSmith, David R.
_912790
700 _aBurks, B. D.
_912791
942 _cImpreso
_2z
999 _c1551
_d1551